[Event "1. OEsterreichische Internet Schach Meisterschaft - Vorrunde 3"]
[Site "Online - Playchess.com"]
[Date ""]
[Round "4"]
[Board "9"]
[White "Froewis, Annika"]
[Black "Rieger, Robert"]
[Result "1/2-1/2"]
[WhiteElo "2136"]
[BlackElo "2307"]
[PlyCount "123"]
[EventDate "2020.04.17"]
[EventRounds "9"]
[EventCountry "AUT"]

1. e4 c5 2. Nf3 Nc6 3. d4 cxd4 4. Nxd4 g6 5. Nc3 Bg7 6. Be3 Nf6 7. Bc4 d6 8. f3 Qb6
9. Nf5 Qxb2 10. Nxg7+ Kf8 11. Nd5 Nxd5 12. Bxd5 Kxg7 13. O-O Qc3 14. Qe2 Be6 15.
Rad1 Rhc8 16. h4 Kg8 17. h5 Bxd5 18. exd5 Ne5 19. Rd2 Nc4 20. Rd3 Qe5 21. f4 Qe4
22. Rf2 b5 23. f5 g5 24. Bd4 Qxe2 25. Rxe2 Kf8 26. f6 exf6 27. Rf3 Re8 28. Ref2 Re1+
29. Kh2 Re4 30. c3 Ne5 31. Bxe5 dxe5 32. Rxf6 Rf4 33. R2xf4 exf4 34. d6 h6 35. d7
Rd8 36. Rd6 Ke7 37. Rxh6 Rxd7 38. Ra6 f6 39. Kh3 Kf7 40. a4 bxa4 41. Rxa4 Kg7 42.
Kg4 Rd2 43. Rxa7+ Kh6 44. Kf3 Rd3+ 45. Ke2 Rxc3 46. Ra6 Kxh5 47. Rxf6 Kg4 48. Rg6
Rc2+ 49. Kf1 Rc5 50. Kf2 Rc2+ 51. Kf1 Kf5 52. Rg8 g4 53. g3 f3 54. Rf8+ Ke5 55. Re8+
Kd4 56. Rd8+ Ke3 57. Re8+ Kd3 58. Rd8+ Ke4 59. Re8+ Kf5 60. Rf8+ Kg6 61. Rg8+ Kf5
62. Rf8+  1/2-1/2

[Event "1. OEsterreichische Internet Schach Meisterschaft - Vorrunde 3"]
[Site "Online - Playchess.com"]
[Date ""]
[Round "4"]
[Board "10"]
[White "Alvir, Aco"]
[Black "Meglitsch, Konstantin"]
[Result "1-0"]
[WhiteElo "2338"]
[BlackElo "2041"]
[PlyCount "95"]
[EventDate "2020.04.17"]
[EventRounds "9"]
[EventCountry "AUT"]

1. e4 e6 2. d4 d5 3. Nc3 Bb4 4. e5 c5 5. Bd2 Bxc3 6. Bxc3 Ne7 7. dxc5 Nbc6 8. Nf3
Nf5 9. Bd3 O-O 10. Bxf5 exf5 11. O-O h6 12. Bd4 Be6 13. c3 Qd7 14. b4 a6 15. a4 Ne7
16. Qd2 Ng6 17. Ne1 Rfe8 18. Nd3 Qe7 19. f4 Nf8 20. g4 Qh4 21. Qg2 g6 22. g5 hxg5
23. fxg5 Nh7 24. Be3 Rad8 25. Qg3 Qc4 26. Bd4 Kg7 27. Nf4 Rh8 28. h4 Nf8 29. Kg2
Nd7 30. Rh1 Kf8 31. h5 gxh5 32. g6 Rg8 33. Qg5 Ke8 34. Rxh5 Nxe5 35. g7 Nc6 36. Rh8
Kd7 37. Qxd8+ Rxd8 38. Rxd8+ Nxd8 39. g8=Q Nc6 40. Nxe6 fxe6 41. Qf7+ Kc8 42. Qxe6+
Kb8 43. b5 Nxd4 44. Qe5+ Kc8 45. cxd4 Qc2+ 46. Kh1 Qd3 47. Qe8+ Kc7 48. b6#  1-0

[Event "1. OEsterreichische Internet Schach Meisterschaft - Vorrunde 3"]
[Site "Online - Playchess.com"]
[Date ""]
[Round "4"]
[Board "11"]
[White "Weichhart, Daniel"]
[Black "Morgunov, Marc"]
[Result "0-1"]
[WhiteElo "1648"]
[BlackElo "2341"]
[PlyCount "78"]
[EventDate "2020.04.17"]
[EventRounds "9"]
[EventCountry "AUT"]

1. d4 Nf6 2. Bf4 d5 3. e3 c5 4. c3 Nc6 5. Nd2 Bf5 6. Ngf3 Qb6 7. Qb3 c4 8. Qxb6 axb6
9. Be2 b5 10. O-O h6 11. a3 e6 12. Ne5 g5 13. Bg3 Bg7 14. h3 O-O 15. b3 cxb3 16.
Nxb3 Ne4 17. Rfc1 Nxg3 18. fxg3 Nxe5 19. dxe5 Bxe5 20. g4 Be4 21. Bxb5 Rfc8 22. Nd4
Ra5 23. a4 Rc7 24. Kf2 Kf8 25. Ra3 Ke7 26. Rb3 Ra8 27. Rb4 Bd6 28. Rb3 f5 29. Rb2
fxg4 30. hxg4 Rac8 31. Rb3 Ra8 32. Rh1 Rf8+ 33. Kg1 Rf6 34. Rh5 Bg3 35. Rh3 Bf2+
36. Kh1 Be1 37. c4 dxc4 38. Rb2 c3 39. Re2 Bd2  0-1

[Event "1. OEsterreichische Internet Schach Meisterschaft - Vorrunde 3"]
[Site "Online - Playchess.com"]
[Date ""]
[Round "4"]
[Board "12"]
[White "Peyrer, Konstantin"]
[Black "Moritz, Christian"]
[Result "1-0"]
[WhiteElo "2286"]
[BlackElo "2077"]
[PlyCount "61"]
[EventDate "2020.04.17"]
[EventRounds "9"]
[EventCountry "AUT"]

1. e4 e6 2. d3 d5 3. c3 Nf6 4. Nd2 c5 5. Ngf3 Be7 6. g3 b6 7. Bg2 Bb7 8. Qe2 Qc7
9. O-O Nbd7 10. a3 O-O-O 11. b4 Rdg8 12. Bb2 g5 13. exd5 Bxd5 14. c4 Bb7 15. d4 g4
16. Ne5 Nxe5 17. dxe5 Nd7 18. Bxb7+ Qxb7 19. Ne4 Rg6 20. Nd6+ Bxd6 21. exd6 Rf8 22.
Rfd1 f5 23. a4 a5 24. bxa5 bxa5 25. Bc3 f4 26. Rab1 Qa8 27. Rb5 fxg3 28. fxg3 Qf3
29. Qxf3 Rxf3 30. Bxa5 Ne5 31. Rxc5+  1-0

[Event "1. OEsterreichische Internet Schach Meisterschaft - Vorrunde 3"]
[Site "Online - Playchess.com"]
[Date ""]
[Round "4"]
[Board "13"]
[White "Streiter, Gerhard"]
[Black "Hofmann, Thomas"]
[Result "0-1"]
[WhiteElo "1973"]
[BlackElo "2215"]
[PlyCount "88"]
[EventDate "2020.04.17"]
[EventRounds "9"]
[EventCountry "AUT"]

1. e4 c5 2. Nf3 Nf6 3. Nc3 d5 4. exd5 Nxd5 5. Bb5+ Bd7 6. Qe2 Nxc3 7. dxc3 a6 8.
Bd3 Nc6 9. Bf4 e6 10. O-O-O Qa5 11. Kb1 h6 12. h4 Be7 13. g4 Qa4 14. Bc1 Qxg4 15.
Rdg1 Qh5 16. Rxg7 Bf6 17. Rgg1 O-O-O 18. Be3 Nb8 19. Be4 Bc6 20. Bxc6 Nxc6 21. Re1
Rd5 22. Nd2 Qxe2 23. Rxe2 b6 24. Ne4 Be7 25. h5 Ne5 26. Bf4 Nf3 27. Nd2 Nxd2+ 28.
Rxd2 Rf5 29. Bg3 Rd8 30. Kc1 Bg5 31. f4 Bxf4 32. Bxf4 Rxf4 33. Rxd8+ Kxd8 34. Kd2
Ke7 35. Ke3 e5 36. Rd1 Rh4 37. Rd5 Rxh5 38. Ke4 f6 39. a4 Ke6 40. Rd2 f5+ 41. Kf3
e4+ 42. Kf4 Rh4+ 43. Kg3 Rg4+ 44. Kf2 f4  0-1

[Event "1. OEsterreichische Internet Schach Meisterschaft - Vorrunde 3"]
[Site "Online - Playchess.com"]
[Date ""]
[Round "4"]
[Board "14"]
[White "Schein, Karl-Heinz"]
[Black "Kwech, Andreas"]
[Result "0-1"]
[WhiteElo "2187"]
[BlackElo "1901"]
[PlyCount "78"]
[EventDate "2020.04.17"]
[EventRounds "9"]
[EventCountry "AUT"]

1. e4 c5 2. Nf3 d6 3. Bb5+ Nc6 4. O-O g6 5. c3 Bg7 6. Re1 Bd7 7. d4 cxd4 8. cxd4
Nf6 9. e5 dxe5 10. dxe5 Ng4 11. Bxc6 Bxc6 12. e6 Qxd1 13. exf7+ Kxf7 14. Rxd1 Bxf3
15. gxf3 Ne5 16. Kg2 Rhd8 17. Nc3 Rxd1 18. Nxd1 Rd8 19. Be3 b6 20. Nc3 Nc4 21. Rd1
Rxd1 22. Nxd1 Nxb2 23. Nxb2 Bxb2 24. Kf1 Ke6 25. Ke2 Kd5 26. Kd3 Be5 27. h3 Bd6 28.
Bh6 Bc5 29. Bf8 e5 30. Bg7 Bxf2 31. Bf6 Bc5 32. Bg7 b5 33. Bh6 a5 34. Bd2 b4 35.
Be1 a4 36. Bd2 b3 37. axb3 axb3 38. Kc3 Bb4+ 39. Kxb3 Bxd2  0-1

[Event "1. OEsterreichische Internet Schach Meisterschaft - Vorrunde 3"]
[Site "Online - Playchess.com"]
[Date ""]
[Round "4"]
[Board "15"]
[White "Wimmer, Kevin"]
[Black "Frank, Paul"]
[Result "1/2-1/2"]
[WhiteElo "1944"]
[BlackElo "2208"]
[PlyCount "151"]
[EventDate "2020.04.17"]
[EventRounds "9"]
[EventCountry "AUT"]

1. e4 c5 2. Nf3 Nc6 3. Bb5 g6 4. Bxc6 bxc6 5. O-O Bg7 6. Re1 Nf6 7. c3 O-O 8. h3
d6 9. d4 cxd4 10. cxd4 d5 11. e5 Ne4 12. Nc3 Nxc3 13. bxc3 Bf5 14. Bf4 Qa5 15. Qd2
c5 16. Bg5 Rfe8 17. g4 Bd7 18. Bh6 cxd4 19. cxd4 Qxd2 20. Bxd2 Rec8 21. Rec1 Bf8
22. Ne1 h5 23. f3 e6 24. Kf2 Ba3 25. Rxc8+ Rxc8 26. Rb1 hxg4 27. hxg4 Bc6 28. Bc1
Be7 29. Bd2 Kg7 30. Rc1 Bd7 31. Rxc8 Bxc8 32. g5 Ba6 33. Nc2 Bc4 34. a3 Bb3 35. Bb4
Bxg5 36. Ne1 Bc4 37. Ng2 Bc1 38. Ne3 Bd3 39. Nd1 f6 40. exf6+ Kxf6 41. Nc3 Kf5 42.
Na4 Bc4 43. Nc5 a5 44. Bxa5 Bxa3 45. Nd7 Bc1 46. Ne5 Bb5 47. Bb6 Bf4 48. Bc7 Bc1
49. Bd6 g5 50. Bc7 Kf6 51. Bd6 Bb2 52. Bc5 Kf5 53. Ke3 Be8 54. Bb6 Bh5 55. Bc5 g4
56. fxg4+ Bxg4 57. Bd6 Bh5 58. Bc5 Bc1+ 59. Kd3 Bf4 60. Bd6 Bd1 61. Kc3 Be2 62. Bc7
Ke4 63. Bd6 Bg3 64. Kd2 Bb5 65. Kc3 Be1+ 66. Kc2 Be2 67. Bc5 Bh5 68. Nc6 Bg3 69.
Kc3 Be8 70. Ne7 Bf7 71. Nc8 e5 72. Nd6+ Kf4 73. Nxf7 exd4+ 74. Kxd4 Bf2+ 75. Kxd5
Bxc5 76. Kxc5  1/2-1/2

[Event "1. OEsterreichische Internet Schach Meisterschaft - Vorrunde 3"]
[Site "Online - Playchess.com"]
[Date ""]
[Round "4"]
[Board "16"]
[White "Blohberger, Felix"]
[Black "Schreiner, Peter"]
[Result "1-0"]
[WhiteElo "2448"]
[BlackElo "2440"]
[PlyCount "127"]
[EventDate "2020.04.17"]
[EventRounds "9"]
[EventCountry "AUT"]

1. d4 Nf6 2. c4 g6 3. Nc3 d5 4. cxd5 Nxd5 5. Bd2 Nb6 6. Nf3 Bg7 7. Bf4 O-O 8. Be5
Bxe5 9. Nxe5 N8d7 10. Nf3 c5 11. g3 cxd4 12. Qxd4 Nf6 13. Bg2 Qxd4 14. Nxd4 Rd8 15.
e3 Nc4 16. b3 Nd6 17. O-O Bd7 18. Rac1 Kf8 19. Rfd1 Rac8 20. Rc2 e5 21. Nde2 Be6
22. Rcd2 Ke7 23. h3 h5 24. f4 exf4 25. gxf4 b6 26. e4 Nfe8 27. Kf2 Rd7 28. e5 Nf5
29. Rxd7+ Bxd7 30. Nd5+ Kd8 31. Nec3 Neg7 32. Rd2 Ne6 33. Ne2 Nc5 34. Nf6 Rc7 35.
b4 Ne6 36. Bc6 Rxc6 37. Rxd7+ Kc8 38. Rxf7 Rc2 39. Ke1 Rxa2 40. Rh7 Ned4 41. Nxd4
Nxd4 42. Kd1 a5 43. bxa5 bxa5 44. Nd5 a4 45. Rc7+ Kd8 46. Ra7 a3 47. Ra4 Nf5 48.
e6 Kc8 49. e7 Nxe7 50. Nxe7+ Kd7 51. Nxg6 Ke6 52. Ra5 Ra1+ 53. Kc2 a2 54. Kb2 Rg1
55. Ne5 Rg2+ 56. Kb3 Kf5 57. Rxa2 Rg3+ 58. Kc4 Kxf4 59. Nd3+ Kg5 60. Ra5+ Kh6 61.
Nf4 h4 62. Rf5 Kg7 63. Nh5+ Kg6 64. Nxg3  1-0

[Event "1. OEsterreichische Internet Schach Meisterschaft - Vorrunde 3"]
[Site "Online - Playchess.com"]
[Date ""]
[Round "4"]
[Board "17"]
[White "Schwabeneder, Florian"]
[Black "Rosol, Alexander"]
[Result "1-0"]
[WhiteElo "2431"]
[BlackElo "1933"]
[PlyCount "69"]
[EventDate "2020.04.17"]
[EventRounds "9"]
[EventCountry "AUT"]

1. Nf3 Nf6 2. b3 g6 3. Bb2 Bg7 4. g3 b6 5. Bg2 Bb7 6. O-O O-O 7. c4 c5 8. d4 d6 9.
Nc3 Nbd7 10. d5 a6 11. a4 Qc7 12. Qd2 Rad8 13. e4 e5 14. Ne1 Ne8 15. Nd3 f5 16. exf5
gxf5 17. f4 e4 18. Nf2 Nef6 19. Bh3 Rde8 20. Ncd1 Nh5 21. Ne3 Bxb2 22. Qxb2 Ng7 23.
g4 Qd8 24. g5 Nb8 25. Nh1 Bc8 26. Ng3 Qe7 27. Bg2 a5 28. h4 Na6 29. h5 Qf7 30. h6
Nh5 31. Nxh5 Qe7 32. Qg7+ Qxg7 33. hxg7 Rf7 34. Nf6+ Kxg7 35. Nxe8+  1-0

[Event "1. OEsterreichische Internet Schach Meisterschaft - Vorrunde 3"]
[Site "Online - Playchess.com"]
[Date ""]
[Round "4"]
[Board "18"]
[White "Schneider-Zinner, Harald"]
[Black "Polterauer, Chiara"]
[Result "1-0"]
[WhiteElo "2381"]
[BlackElo "2178"]
[PlyCount "59"]
[EventDate "2020.04.17"]
[EventRounds "9"]
[EventCountry "AUT"]

1. d4 Nf6 2. Nf3 d5 3. c4 e6 4. Nc3 Bb4 5. cxd5 exd5 6. Bg5 O-O 7. Rc1 h6 8. Bxf6
Qxf6 9. e3 c6 10. Be2 Bg4 11. h3 Bh5 12. Ne5 Bxe2 13. Qxe2 Bd6 14. f4 Qh4+ 15. Qf2
Qxf2+ 16. Kxf2 f6 17. Nd3 Nd7 18. g4 Rae8 19. Kf3 f5 20. Rhg1 Kh7 21. Ne5 Bxe5 22.
dxe5 fxg4+ 23. Kxg4 g5 24. Ne2 gxf4 25. exf4 Nf6+ 26. exf6 Rxe2 27. Kf5 Rf7 28. Rce1
Re4 29. Rxe4 dxe4 30. Ke6  1-0

[Event "1. OEsterreichische Internet Schach Meisterschaft - Vorrunde 3"]
[Site "Online - Playchess.com"]
[Date ""]
[Round "4"]
[Board "19"]
[White "Huber, Martin Christian"]
[Black "Hechl, Gerald"]
[Result "1/2-1/2"]
[WhiteElo "2341"]
[BlackElo "2333"]
[PlyCount "36"]
[EventDate "2020.04.17"]
[EventRounds "9"]
[EventCountry "AUT"]

1. Nf3 d5 2. g3 Nd7 3. d4 Nb6 4. Bg2 Bf5 5. O-O e6 6. b3 Nf6 7. Bb2 h6 8. Nbd2 Be7
9. Ne5 O-O 10. e3 a5 11. a4 c6 12. c4 Nbd7 13. Qe2 c5 14. cxd5 exd5 15. dxc5 Nxc5
16. Rac1 Rc8 17. Rfd1 Qb6 18. Bd4 Qa6  1/2-1/2

[Event "1. OEsterreichische Internet Schach Meisterschaft - Vorrunde 3"]
[Site "Online - Playchess.com"]
[Date ""]
[Round "4"]
[Board "21"]
[White "Buchegger, Fridolin"]
[Black "Enoeckl, Philipp"]
[Result "0-1"]
[WhiteElo "1827"]
[BlackElo "2276"]
[PlyCount "80"]
[EventDate "2020.04.17"]
[EventRounds "9"]
[EventCountry "AUT"]

1. d4 Nf6 2. Nf3 g6 3. e3 Bg7 4. Bd3 O-O 5. O-O b6 6. b3 Bb7 7. Nbd2 d6 8. Bb2 Nbd7
9. c4 e6 10. Qc2 Re8 11. Rfe1 Qe7 12. e4 e5 13. dxe5 dxe5 14. Rad1 Nh5 15. Bf1 Nf4
16. g3 Ne6 17. a3 a5 18. Bg2 Rad8 19. Nb1 c6 20. Nc3 Nd4 21. Nxd4 exd4 22. Ne2 c5
23. Nf4 Ne5 24. Nd5 Qd6 25. f4 Ng4 26. h3 Bxd5 27. hxg4 Bc6 28. e5 Qd7 29. Bxc6 Qxc6
30. Rd3 f6 31. Rd2 fxe5 32. fxe5 Rxe5 33. Rxe5 Bxe5 34. Qd3 Rf8 35. Re2 Rf3 36. Qd1
Rxg3+ 37. Kf2 Qf3+ 38. Ke1 Rg1+ 39. Kd2 Rxd1+ 40. Kxd1 d3  0-1

[Event "1. OEsterreichische Internet Schach Meisterschaft - Vorrunde 3"]
[Site "Online - Playchess.com"]
[Date ""]
[Round "4"]
[Board "22"]
[White "Katter, Katharina"]
[Black "Postl, Anton"]
[Result "0-1"]
[WhiteElo "1930"]
[BlackElo "2290"]
[PlyCount "112"]
[EventDate "2020.04.17"]
[EventRounds "9"]
[EventCountry "AUT"]

1. d4 Nf6 2. Nf3 g6 3. e3 Bg7 4. b3 d6 5. Bb2 b6 6. Be2 Bb7 7. O-O c5 8. c4 O-O 9.
Nbd2 e6 10. Qc2 Nbd7 11. e4 cxd4 12. Nxd4 a6 13. N4f3 Rc8 14. Rad1 Qc7 15. Rfe1 Rfd8
16. Qb1 Nc5 17. Bf1 Qb8 18. e5 dxe5 19. Bxe5 Qa8 20. Qb2 Ne8 21. Bxg7 Nxg7 22. b4
Nd3 23. Bxd3 Rxd3 24. Ne5 Rdd8 25. f3 h5 26. Rc1 Qb8 27. Nf1 Qd6 28. a3 Nf5 29. Qe2
Nd4 30. Qe3 Kg7 31. Ng3 Qe7 32. Ne4 Bxe4 33. Qxe4 Qf6 34. Nd3 Nf5 35. Nf2 Rd4 36.
Qe5 Rcd8 37. Qxf6+ Kxf6 38. c5 bxc5 39. bxc5 Rd2 40. Ne4+ Ke7 41. Nxd2 Rxd2 42. c6
Kd8 43. c7+ Kc8 44. g4 Nh4 45. Re3 hxg4 46. fxg4 Rd7 47. Rec3 g5 48. Kf2 Ng6 49.
Ke3 Nf4 50. Ke4 f6 51. R1c2 Nd5 52. Rc6 f5+ 53. gxf5 exf5+ 54. Ke5 Ne3 55. R2c5 f4
56. Ke6 f3  0-1

[Event "1. OEsterreichische Internet Schach Meisterschaft - Vorrunde 3"]
[Site "Online - Playchess.com"]
[Date ""]
[Round "4"]
[Board "23"]
[White "Steindl, Johannes"]
[Black "Wagner, Leopold Franziskus"]
[Result "1-0"]
[WhiteElo "2278"]
[BlackElo "2168"]
[PlyCount "43"]
[EventDate "2020.04.17"]
[EventRounds "9"]
[EventCountry "AUT"]

1. e4 c5 2. Nf3 Nc6 3. Bb5 d6 4. O-O g6 5. d4 cxd4 6. Qxd4 Nf6 7. e5 dxe5 8. Qxd8+
Kxd8 9. Bxc6 bxc6 10. Nxe5 Be6 11. Rd1+ Kc7 12. Bf4 Kb7 13. h3 Nd5 14. Bg3 Bg7 15.
Nd2 Rhd8 16. Ne4 f6 17. Nc5+ Kb6 18. Nxe6 Rg8 19. Nd7+ Kb7 20. Ndc5+ Kc8 21. c4 Nb6
22. b3  1-0

[Event "1. OEsterreichische Internet Schach Meisterschaft - Vorrunde 3"]
[Site "Online - Playchess.com"]
[Date ""]
[Round "4"]
[Board "24"]
[White "Leitgeber, Christian"]
[Black "Frank, Emanuel"]
[Result "0-1"]
[WhiteElo "1904"]
[BlackElo "2271"]
[PlyCount "148"]
[EventDate "2020.04.17"]
[EventRounds "9"]
[EventCountry "AUT"]

1. e4 e5 2. Nf3 Nc6 3. Bb5 g6 4. O-O Bg7 5. Re1 a6 6. Bxc6 dxc6 7. Nc3 Ne7 8. d3
c5 9. h3 O-O 10. Be3 b6 11. Qd2 Qd6 12. a4 Be6 13. Ng5 Bd7 14. Nf3 Nc6 15. Nd5 Be6
16. Nc3 Nd4 17. Bxd4 cxd4 18. Ne2 h6 19. Rf1 c5 20. Ne1 f5 21. f3 f4 22. Kh2 g5 23.
b3 h5 24. g4 fxg3+ 25. Nxg3 Rf4 26. Nxh5 Rh4 27. Qxg5 Rxh3+ 28. Kg2 Qf8 29. Rh1 Rxh1
30. Kxh1 Kh7 31. Qh4 Bh6 32. Nf6+ Kg6 33. Ng4 Bg7 34. Qg3 Qf4 35. Qxf4 exf4 36. Kg2
Rh8 37. Kf2 Rh4 38. Ng2 Rh8 39. Rg1 Bxg4 40. fxg4 Be5 41. Kf3 Kg5 42. Ne1 Rh3+ 43.
Kf2 Rg3 44. Nf3+ Kf6 45. Rh1 Rxg4 46. Rh6+ Kg7 47. Rxb6 Bf6 48. Rxa6 Bh4+ 49. Nxh4
Rxh4 50. Rc6 Rh2+ 51. Kf3 Rxc2 52. Kxf4 Rc3 53. Rb6 Rxd3 54. a5 c4 55. bxc4 Ra3 56.
a6 d3 57. Ke3 Kf7 58. Rb7+ Ke6 59. a7 Kd6 60. Kd2 Ke5 61. Re7+ Kd6 62. Rh7 Kc5 63.
Rh5+ Kxc4 64. e5 Ra2+ 65. Ke3 d2 66. Ke2 Kc3 67. Rh3+ Kc2 68. Rh1 Rxa7 69. Rd1 Rd7
70. e6 Rd6 71. e7 Re6+ 72. Kf3 Rxe7 73. Rxd2+ Kxd2 74. Kf4 Kd3  0-1

[Event "1. OEsterreichische Internet Schach Meisterschaft - Vorrunde 3"]
[Site "Online - Playchess.com"]
[Date ""]
[Round "4"]
[Board "25"]
[White "Perhinig, Robert"]
[Black "Kozissnik, Christian"]
[Result "1-0"]
[WhiteElo "2252"]
[BlackElo "2023"]
[PlyCount "105"]
[EventDate "2020.04.17"]
[EventRounds "9"]
[EventCountry "AUT"]

1. d4 d6 2. e4 g6 3. c4 Nd7 4. Nc3 Bg7 5. Be3 e5 6. d5 Ne7 7. Bd3 O-O 8. h4 Nc5 9.
Nge2 Nxd3+ 10. Qxd3 f5 11. f3 fxe4 12. fxe4 Bg4 13. O-O-O Qd7 14. Rdf1 b6 15. Ng3
a6 16. h5 Rxf1+ 17. Rxf1 gxh5 18. Rh1 Rf8 19. Nxh5 Bxh5 20. Rxh5 Qg4 21. Rg5 Qh4
22. Qe2 Qh1+ 23. Kc2 Qf1 24. Qxf1 Rxf1 25. b4 Kf7 26. Rg3 c6 27. Bxb6 cxd5 28. Nxd5
Nxd5 29. cxd5 Bh6 30. Rf3+ Rxf3 31. gxf3 Ke7 32. Kd3 Bc1 33. a4 h5 34. Bf2 Ba3 35.
b5 axb5 36. axb5 Bc5 37. Bh4+ Kd7 38. Bg5 Bb6 39. Ke2 Bc5 40. Bd2 Kc7 41. Ba5+ Kb7
42. Kf1 Bb6 43. Bxb6 Kxb6 44. Kg2 Kxb5 45. Kh3 Kc4 46. Kh4 Kd4 47. Kxh5 Kd3 48. Kg4
Ke3 49. Kg3 Kd3 50. Kf2 Kd2 51. f4 Kd3 52. Kf3 Kd4 53. f5  1-0

[Event "1. OEsterreichische Internet Schach Meisterschaft - Vorrunde 3"]
[Site "Online - Playchess.com"]
[Date ""]
[Round "4"]
[Board "26"]
[White "Brod, Manfred"]
[Black "Bachlechner, Julian"]
[Result "1-0"]
[WhiteElo "2211"]
[BlackElo "2214"]
[PlyCount "65"]
[EventDate "2020.04.17"]
[EventRounds "9"]
[EventCountry "AUT"]

1. e4 d6 2. d4 g6 3. Nc3 Bg7 4. Be3 a6 5. Qd2 b5 6. h3 Nd7 7. Nf3 Bb7 8. Bd3 c5 9.
a3 c4 10. Be2 Ngf6 11. d5 Nc5 12. Bxc5 dxc5 13. e5 Nxd5 14. O-O-O Nxc3 15. Qxc3 Qc7
16. h4 h6 17. Rhe1 O-O 18. Qe3 Rad8 19. g4 Rde8 20. e6 f6 21. Rd7 Qc6 22. Red1 Bc8
23. Ra7 Bxe6 24. g5 fxg5 25. Ne5 Bxe5 26. Qxe5 Rf5 27. Qe3 Qb6 28. Bg4 Rf6 29. hxg5
Bxg4 30. gxf6 Qxa7 31. Qxh6 exf6 32. Qxg6+ Kh8 33. Rh1+  1-0

[Event "1. OEsterreichische Internet Schach Meisterschaft - Vorrunde 3"]
[Site "Online - Playchess.com"]
[Date ""]
[Round "4"]
[Board "27"]
[White "Hofstadler, Mario"]
[Black "Bachler, Reinhard"]
[Result "0-1"]
[WhiteElo "1867"]
[BlackElo "2143"]
[PlyCount "100"]
[EventDate "2020.04.17"]
[EventRounds "9"]
[EventCountry "AUT"]

1. d4 d5 2. Bg5 c6 3. c3 Bf5 4. Nd2 h6 5. Bh4 Nd7 6. Qb3 Qb6 7. e3 e5 8. Bg3 e4 9.
Ne2 Ngf6 10. c4 Nh5 11. Nc3 Nxg3 12. hxg3 Qxb3 13. axb3 Nf6 14. c5 Be7 15. b4 O-O
16. Be2 b6 17. O-O a5 18. bxa5 bxc5 19. Ra4 cxd4 20. exd4 Rfb8 21. b3 Bb4 22. Rc1
Rxa5 23. Rxa5 Bxa5 24. Ncb1 Bd7 25. Rc5 Bb4 26. Rc2 Ra8 27. Kh2 Ra1 28. Nc3 Re1 29.
Na2 Rxe2 30. Nxb4 Rxf2 31. Kg1 e3 32. Nf3 Ng4 33. Rxf2 exf2+ 34. Kf1 Kf8 35. Ke2
Ke7 36. Nd3 Bf5 37. Nxf2 Nxf2 38. Kxf2 Kd6 39. b4 Kc7 40. Ke2 Kb6 41. Kd2 Kb5 42.
Kc3 Be4 43. Nd2 Bxg2 44. Nb3 f5 45. Nc5 g5 46. Ne6 Be4 47. Ng7 f4 48. gxf4 gxf4 49.
Nh5 f3 50. Ng3 f2  0-1

[Event "1. OEsterreichische Internet Schach Meisterschaft - Vorrunde 3"]
[Site "Online - Playchess.com"]
[Date ""]
[Round "4"]
[Board "28"]
[White "Guetz, Wolfgang"]
[Black "Schernthaner, David"]
[Result "0-1"]
[WhiteElo "2078"]
[BlackElo "2220"]
[PlyCount "54"]
[EventDate "2020.04.17"]
[EventRounds "9"]
[EventCountry "AUT"]

1. e4 e6 2. d4 d5 3. Nc3 Bb4 4. e5 Bf8 5. Qg4 c5 6. f4 cxd4 7. Nce2 Nc6 8. Nf3 Nh6
9. Qh3 Nf5 10. g4 Ne3 11. Bxe3 dxe3 12. O-O-O Qa5 13. Kb1 Bd7 14. Nfd4 Rc8 15. Qxe3
Bc5 16. Nxc6 Rxc6 17. Qc3 Bb4 18. Qb3 Rb6 19. Ka1 Ba4 20. Qd3 Bb5 21. Qb3 Bc4 22.
Qxc4 dxc4 23. f5 Ra6 24. Nc1 O-O 25. Bxc4 Rb6 26. f6 Qxe5 27. fxg7 Qxg7  0-1

[Event "1. OEsterreichische Internet Schach Meisterschaft - Vorrunde 3"]
[Site "Online - Playchess.com"]
[Date ""]
[Round "4"]
[Board "29"]
[White "Steirer, Gerhard"]
[Black "Pali, Philipp"]
[Result "0-1"]
[WhiteElo "1854"]
[BlackElo "2245"]
[PlyCount "104"]
[EventDate "2020.04.17"]
[EventRounds "9"]
[EventCountry "AUT"]

1. e4 e6 2. Qe2 Be7 3. d3 d5 4. f4 c5 5. Nf3 Nc6 6. g3 Nf6 7. Bg2 O-O 8. O-O b5 9.
b3 a5 10. Bb2 a4 11. Nbd2 a3 12. Bc1 Ba6 13. h3 b4 14. Qf2 dxe4 15. dxe4 Bxf1 16.
Bxf1 Nd4 17. Bd3 Nxf3+ 18. Nxf3 Nd7 19. Be3 Qc7 20. Kg2 f5 21. Bc4 fxe4 22. Nd2 Qc6
23. Re1 Nb6 24. f5 Nxc4 25. Nxc4 exf5 26. Ne5 Qe6 27. Nc4 Rad8 28. Bxc5 f4 29. Bxe7
Qxe7 30. gxf4 Qe6 31. Ne5 Qf5 32. Rf1 Rc8 33. Nc4 Rc6 34. Ne3 Rg6+ 35. Kh2 Qc5 36.
f5 Rgf6 37. Qf4 Qd6 38. Kg3 g6 39. Qxd6 Rxd6 40. Rf4 gxf5 41. h4 Rd2 42. Nxf5 Rxc2
43. Ne7+ Kg7 44. Nf5+ Rxf5 45. Rxf5 Rxa2 46. Re5 Rb2 47. Rxe4 Rxb3+ 48. Kf4 a2 49.
Re1 Rb1 50. Re7+ Kf6 51. Ra7 a1=Q 52. Rxa1 Rxa1  0-1

[Event "1. OEsterreichische Internet Schach Meisterschaft - Vorrunde 3"]
[Site "Online - Playchess.com"]
[Date ""]
[Round "4"]
[Board "30"]
[White "Schloffer, Jasmin-Denise"]
[Black "Mittelberger, Peter"]
[Result "0-1"]
[WhiteElo "2110"]
[BlackElo "2176"]
[PlyCount "60"]
[EventDate "2020.04.17"]
[EventRounds "9"]
[EventCountry "AUT"]

1. d4 d6 2. c4 g6 3. Nc3 Bg7 4. e4 Nc6 5. Be3 e5 6. d5 Nd4 7. Nge2 Nxe2 8. Bxe2 f5
9. exf5 Bxf5 10. Bg4 Nf6 11. Bxf5 gxf5 12. Bg5 O-O 13. O-O a6 14. Ne2 f4 15. f3 Qe8
16. Nc3 Qh5 17. Bxf6 Bxf6 18. Ne4 Be7 19. Qe1 Kh8 20. Kh1 Rg8 21. Rg1 Rg6 22. Qe2
Rag8 23. Raf1 Bh4 24. b4 Bg3 25. h3 Qf5 26. Nf2 Bxf2 27. Qxf2 Rh6 28. c5 Rg3 29.
Rd1 Rgxh3+ 30. gxh3 Qxh3+  0-1

[Event "1. OEsterreichische Internet Schach Meisterschaft - Vorrunde 3"]
[Site "Online - Playchess.com"]
[Date ""]
[Round "4"]
[Board "31"]
[White "Exler, Veronika"]
[Black "Nisavic, Uros"]
[Result "1-0"]
[WhiteElo "2155"]
[BlackElo "2073"]
[PlyCount "33"]
[EventDate "2020.04.17"]
[EventRounds "9"]
[EventCountry "AUT"]

1. e4 e5 2. Nf3 Nc6 3. d4 exd4 4. Bc4 Nf6 5. e5 Ne4 6. Bd5 Bb4+ 7. Kf1 b6 8. Bxe4
Ba6+ 9. Kg1 O-O 10. Bxh7+ Kh8 11. Bd3 Bxd3 12. Qxd3 g6 13. Ng5 Nxe5 14. Qh3+ Kg7
15. Qh7+ Kf6 16. Ne4+ Ke7 17. Bg5+  1-0

[Event "1. OEsterreichische Internet Schach Meisterschaft - Vorrunde 3"]
[Site "Online - Playchess.com"]
[Date ""]
[Round "4"]
[Board "32"]
[White "Kuecher, Wolfgang"]
[Black "Ofner, Maximilian"]
[Result "1-0"]
[WhiteElo "2117"]
[BlackElo "2177"]
[PlyCount "121"]
[EventDate "2020.04.17"]
[EventRounds "9"]
[EventCountry "AUT"]

1. g3 d5 2. Bg2 Nf6 3. Nf3 Bf5 4. O-O e6 5. d3 h6 6. Nc3 Be7 7. Re1 O-O 8. Bf4 c5
9. e4 Bh7 10. exd5 Nxd5 11. Nxd5 exd5 12. Qd2 Nc6 13. g4 Nd4 14. Nxd4 cxd4 15. Re2
Bd6 16. Rae1 Rc8 17. Bxd6 Qxd6 18. Qa5 Qf4 19. h3 h5 20. gxh5 b6 21. Qxd5 Rc5 22.
Qf3 Qb8 23. Qg4 Bf5 24. Qxd4 Qc8 25. h6 gxh6 26. Qh4 Kh7 27. Be4 Bxe4 28. Qxe4+ Qf5
29. Qxf5+ Rxf5 30. Re3 Rc8 31. R1e2 Kg6 32. c3 Kf6 33. d4 Rg8+ 34. Rg3 Rd8 35. Kg2
b5 36. Rf3 b4 37. Rxf5+ Kxf5 38. Rd2 bxc3 39. bxc3 Rc8 40. Rd3 Ke4 41. Re3+ Kf4 42.
Rf3+ Ke4 43. Re3+ Kf4 44. h4 f5 45. a3 Rd8 46. Kf1 Kg4 47. c4 Kxh4 48. d5 f4 49.
Rd3 Kg4 50. c5 Rb8 51. f3+ Kg3 52. d6 Rb1+ 53. Ke2 Rb2+ 54. Kd1 h5 55. d7 h4 56.
d8=Q h3 57. Qg8+ Kf2 58. Rd2+ Rxd2+ 59. Kxd2 h2 60. Qh7 Kxf3 61. Qxh2  1-0